| 000 | 00597nam a2200229Ia 4500 | ||
|---|---|---|---|
| 003 | OSt | ||
| 005 | 20221005120805.0 | ||
| 006 | a|||||r|||| 00| 0 | ||
| 007 | ta | ||
| 008 | 221004b |||||||| |||| 00| 0 per d | ||
| 024 | _a29376 | ||
| 037 | _cTextual | ||
| 040 |
_aCRL _cCRL _bper |
||
| 041 |
_2per _aper |
||
| 082 | _aV2y7J69, 164E7 | ||
| 100 |
_aSadiq Mohammad Au. _9197927 |
||
| 245 | 0 | _aFarhang-e-Jahangiri | |
| 260 | _c1917 | ||
| 650 |
_aINDIA - HISTORY - KING _9155403 |
||
| 942 |
_hV2y7J69, 164E7 _cTEXL _2cc |
||
| 999 |
_c1039135 _d1039135 |
||